| 000 | 00662nam a22002177a 4500 | ||
|---|---|---|---|
| 999 |
_c9184 _d9184 |
||
| 001 | 9184 | ||
| 003 | OSt | ||
| 005 | 20180310175250.0 | ||
| 008 | 180310b1967 bg ||||| |||| 00| 0 ben d | ||
| 035 | _a(BD-JhCC)9184 | ||
| 040 |
_aBD-JhCC _dBD-JhCC |
||
| 041 | _aben | ||
| 082 |
_a342.79 _bBRA 1967 |
||
| 100 | _aব্রাইস, জেমস | ||
| 245 |
_aমার্কিন রাষ্ট্রমন্ডল / _c জেমস ব্রাইস |
||
| 260 |
_aঢাকা: _bখোশরোজ কিতাব মহল _c1967. |
||
| 300 |
_a345 p. : _c22 cm. |
||
| 650 |
_aPolitice and goverment _zUnited States |
||
| 942 |
_2ddc _cBK |
||